000
00323nam a2200133Ia 4500
005
20251222155149.0
008
251222s9999||||xx |||||||||||||| ||spa||
082
_a
EDUM.42.1-2
100
_a
VALER LOPERA,Lucio.
245
0
_a
PedagogĂa texto autoinstructivo UNMSM
250
_a
1ra. ed.
264
_b
UNMSM
942
_c
LIB
999
_c
39497
_d
39497